Statistics for World Capitals Closest to Rhodes

Click here to take the quiz!

General Stats

  • This quiz has been taken 133 times
  • The average score is 19 of 24

Answer Stats

kmcapitalmiles% Correct
434Αθήνα Athens269
97%
563Ankara350
93%
814Sofia506
92%
486Nicosia302
90%
852Skopje529
90%
908Tirana564
89%
907Bucharest564
86%
1484Rome922
86%
765Cairo475
84%
828Jerusalem514
84%
1461Zagreb908
80%
1173Sarajevo729
79%
1137Belgrade706
77%
1430Tripoli888
77%
720Beirut448
76%
805Damascus500
76%
920Pristina571
74%
1019Podgorica633
73%
1488Vatican City924
73%
1232Valletta765
72%
865Amman537
70%
1515Baghdad941
61%
1180Chișinău733
59%
1479Yerevan919
47%

Score Distribution

Percentile by Number Answered

Percent of People with Each Score

Your Score History

You have not taken this quiz